Tous les Pokémon de type dragon - Statistiques

Statistiques générales
  • Ce quiz a été pris 23 fois
  • Le résultat moyen est 53 sur 73
Statistiques - réponses
Hint Réponse % Correct
Dragon/Sol Carmache
100%
Dragon Draco
100%
Dragon/Vol Dracolosse
100%
Dragon/Sol Griknot
100%
Dragon Minidraco
100%
Dragon/Sol Carchacrok
93%
Dragon/Acier Dialga
93%
Dragon/Eau Palkia
93%
Dragon Drakkarmin
87%
Dragon Muplodocus
87%
Dragon/Acier* Muplodocus de Hisui
87%
Dragon/Vol Rayquaza
87%
Dragon/Feu Reshiram
87%
Dragon/Ténèbres Trioxhydre
87%
Dragon/Electrik Zekrom
87%
Dragon Bébécaille
80%
Dragon Colimucus
80%
Dragon/Acier* Colimucus de Hisui
80%
Dragon Coupenotte
80%
Dragon/Ténèbres Diamat
80%
Dragon Draby
80%
Dragon/Normal Draïeul
80%
Dragon/Vol Drattak
80%
Dragon/Combat Ecaid
80%
Dragon/Combat Ekaiser
80%
Dragon/Spectre Giratina
80%
Dragon/Glace Glaivodo
80%
Dragon/Eau Hyporoi
80%
Dragon/Combat Koraidon
80%
Dragon/Glace Kyurem
80%
Dragon/Sol Libégon
80%
Dragon/Electrik Miraidon
80%
Dragon Mucuscule
80%
Dragon/Ténèbres Solochi
80%
Dragon Tranchodon
80%
Dragon/Spectre Dispareptil
73%
Dragon/Spectre Fantyrm
73%
Dragon/Spectre Lanssorien
73%
Dragon/Psy Latios
73%
Dragon/Plante Verpom
73%
Dragon/Vol Altaria
67%
Dragon/Glace Cryodo
67%
Dragon Drackhauss
67%
Dragon/Plante Dratatin
67%
Dragon/Eau Hydragon
67%
Dragon Incisache
67%
Dragon/Psy Latias
67%
Dragon/Normal Motorizard
67%
Dragon/Eau Nigirigon
67%
Dragon/Plante Pomdramour
67%
Dragon/Plante Pomdrapi
67%
Dragon/Sol Vibraninf
67%
Dragon/Feu Boumata
60%
Dragon/Acier Duralugon
60%
Dragon/Glace Frigodo
60%
Dragon/Electrik Galvagon
60%
Dragon/Plante Pomdorochi
60%
Dragon/Acier Pondralugon
60%
Dragon/Roche Ptyranidur
60%
Dragon/Roche Rexillius
60%
Dragon/Ténèbres Rugit-lune
60%
Dragon/Ténèbres Engloutyran
53%
Dragon/Poison Ethernatos
53%
Dragon/Feu Feu-Perçant
53%
Dragon/Poison Kravarech
53%
Dragon/Poison Mandrillon
53%
Dragon/Plante* Noadkoko d'Alola
53%
Dragon/Eau Serpente-Eau
53%
Dragon/Sol Zygarde
53%
Dragon/Vol Bruyverne
47%
Dragon/Electrik Ire-Foudre
47%
Dragon/Vol Sonistrelle
40%
Dragon Regidrago
33%
Aucun quiz correspondant
Distribution des résultats
% des personnes avec chaque résultat
Percentile par nombre de réponses
Votre historique - résultats
Vous n’avez pas pris ce quiz